000
00302nam a2200121Ia 4500
008
220204s9999 xx 000 0 und d
082
_a
621.039
_b
SOD
100
_a
Soddy, Frederick
245
0
_a
Story of atomic energy
260
_a
London
_b
Nova Atlantis
_c
1949
650
_a
Atomic energy
942
_c
BK
999
_c
19446
_d
19446